| 000 | 00572nam a2200217Ii 4500 | ||
|---|---|---|---|
| 003 | JO-AjNU | ||
| 008 | 230606s9999||||xx |||||||||||||| ||und|| | ||
| 020 | _a0-8264-6461-5 | ||
| 040 |
_aJO-AjNU _beng _erda _cJO-AjNU |
||
| 041 | _aeng | ||
| 050 | 1 | 4 | _aQA76.6.2003 |
| 100 | 3 |
_aRitchie,Colin, _eauthor _91135 |
|
| 245 | 0 | 0 | _aOperating Systems |
| 250 | _a4 ed | ||
| 264 | 3 | 1 | _athomson:Australia,2003 |
| 300 | _a276p | ||
| 336 |
_atext _btxt _2rdacontent |
||
| 337 |
_aunmediated _bn _2rdamedia |
||
| 338 |
_avolume _bnc _2rdacarrier |
||
| 650 | 4 |
_aOperating Systems _91136 |
|
| 999 |
_aE594 _c594 _d594 |
||